Οργανωσιακή Συμπεριφορά / Βασικές Έννοιες και Σύγχρονες Προσεγγίσεις (Record no. 6355)
[ view plain ]
| 000 -LEADER | |
|---|---|
| fixed length control field | 02098cam a22002294a 4500 |
| 005 - ΗΜΕΡΟΜΗΝΙΑ ΚΑΙ ΩΡΑ ΤΕΛΕΥΤΑΙΑΣ ΕΝΗΜΕΡΩΣΗΣ | |
| Πεδίο ελέγχου | 20250605164240.0 |
| 008 - FIXED-LENGTH DATA ELEMENTS--GENERAL INFORMATION | |
| Πεδίο ελέγχου σταθερού μήκους | 250528s ||||||||||||||||||||||||d |
| 035 ## - SYSTEM CONTROL NUMBER | |
| System control number | 21290 |
| 020 ## - ISBN | |
| ISBN | 9789602187517 |
| 040 ## - ΠΗΓΗ ΚΑΤΑΛΟΓΟΓΡΑΦΗΣΗΣ | |
| Φορέας πρωτότυπης καταλογογράφησης | MC Athens Campus Library |
| Γλώσσα καταλογογράφησης | Ελληνικά, Μοντέρνα (1453-) |
| Modifying agency | MC Athens Campus Library |
| Κανόνες περιγραφικής καταλογογράφησης | AACR2 |
| 245 1# - ΤΙΤΛΟΣ ΚΑΙ ΔΗΛΩΣΗ ΥΠΕΥΘΥΝΟΤΗΤΑΣ | |
| Τίτλος | Οργανωσιακή Συμπεριφορά / Βασικές Έννοιες και Σύγχρονες Προσεγγίσεις |
| 250 ## - EDITION STATEMENT | |
| Edition statement | 1η |
| 260 ## - PUBLICATION, DISTRIBUTION, ETC. | |
| Name of publisher, distributor, etc. | Κριτική, |
| Date of publication, distribution, etc. | 2011 |
| 300 ## - PHYSICAL DESCRIPTION | |
| Extent | 584 |
| 520 ## - SUMMARY, ETC. | |
| Summary, etc. | Το παρόν βιβλίο στρέφει την έμφαση στην ερμηνεία και την αντιμετώπιση της συμπεριφοράς των ατόμων που σχετίζονται στο πλαίσιο ενός οργανισμού. Εισαγωγή, Πρόλογος, Προοίμιο, Εισαγωγή στην Οργανωσιακή Συμπεριφορά, Το Άτομο στον Οργανισμό, Στάσεις και Εργασιακή Ικανοποίηση, Συναισθήματα και Διαθέσεις, Προσωπικότητα και Αξίες, Αντίληψη και Ατομική Λήψη Αποφάσεων, Έννοιες Παρακίνησης, Παρακίνηση: Από τις Έννοιες στις Εφαρμογές, Ομάδες στον Οργανισμό, Οι Βάσεις της Ομαδικής Συμπεριφοράς, Κατανόηση των Συνεργατικών Ομάδων, Επικοινωνία, Ηγεσία, Εξουσία και Πολιτική στις Οργανώσεις, Σύγκρουση και Διαπραγμάτευση, Το Σύστημα του Οργανισμού, Οι Θεμελιώδεις Αρχές της Δομής του Οργανισμού, Οργανωσιακή Κουλτούρα, Οργανωσιακή Αλλαγή και Διαχείριση Άγχους, Επίλογος, Γλωσσάριο. |
| 700 1# - ΠΡΟΣΘΕΤΗ ΑΝΑΓΡΑΦΗ--ΦΥΣΙΚΟ ΠΡΟΣΩΠΟ | |
| Personal name | Judge Timothy A |
| 9 (RLIN) | 7334 |
| 700 1# - ΠΡΟΣΘΕΤΗ ΑΝΑΓΡΑΦΗ--ΦΥΣΙΚΟ ΠΡΟΣΩΠΟ | |
| Personal name | Robbins Stephen P |
| 9 (RLIN) | 1079 |
| 700 1# - ΠΡΟΣΘΕΤΗ ΑΝΑΓΡΑΦΗ--ΦΥΣΙΚΟ ΠΡΟΣΩΠΟ | |
| Personal name | Σαχινίδης Αλέξανδρος |
| 9 (RLIN) | 7335 |
| 942 ## - ADDED ENTRY ELEMENTS (KOHA) | |
| Koha item type | Books |
| Τύπος τεκμηρίου | Βιβλιοθήκη | Τρέχουσα τοποθεσία | Barcode | Αριθμός εισαγωγής | Ημερομηνία απόκτησης | Ταξιθετικό σύμβολο | Αριθμός αντιτύπου | Κατάσταση απόσυρσης | Κατάσταση χαμένου | Κατάσταση κατεστραμμένου | Μη δανεισμός | Σύνολο δανεισμών | Ημερομηνία τελευταίας εμφάνισης | Η τιμή ισχύει από |
|---|---|---|---|---|---|---|---|---|---|---|---|---|---|---|
| Books | MC Athens Campus Library | MC Athens Campus Library | 9780000063540 | 5384 | 05/06/2025 | 658.3 ROB | 2 | 05/06/2025 | 05/06/2025 |